Quizz sur la Littérature. Niveau DIFFICILE - Statistiques

Statistiques générales
  • Ce quiz a été pris 229 fois
  • Le résultat moyen est 3 sur 10
Statistiques - réponses
Question Réponse % Correct
Quel roman se déroule sur une île déserte avec le personnage principal nommé Robinson ? "Robinson Crusoé" de Daniel Defoe
83%
Qui a publié "L'Éducation sentimentale" ? Gustave Flaubert
82%
Qui a écrit "La Condition humaine" ? André Malraux
67%
Quel roman de Gabriel García Márquez traite du thème du temps et de la mémoire ? "Cent ans de solitude"
36%
Quel livre de William Faulkner utilise un style d’écriture en flux de conscience ? "Le bruit et la fureur"
19%
Quel roman de Virginia Woolf aborde la question de l'identité de genre ? "Orlando"
15%
Quel écrivain argentin a écrit "Le Aleph" ? Jorges Luis Borges
12%
Quelle est la structure narrative innovante du roman "À la recherche du temps perdu" ? Le flux de conscience
6%
Quel roman raconte l'histoire de la quête de l'arme fatale dans la guerre mondiale ? "Le Maître et Marguerite" de Mikhaïl Boulgakov
0%
Quel auteur américain a écrit "Les Sapes de la lumière" ? William Styron
0%
Aucun quiz correspondant
Distribution des résultats
% des personnes avec chaque résultat
Percentile par nombre de réponses
Votre historique - résultats
Vous n’avez pas pris ce quiz